Zaznacz loga marek które należą do polskiego właściciela - Statystyki

Ogólne statystyki
  • Ten quiz został rozwiązany 52 razy
  • Średni wynik to 3 z 10
Answers on the Grid
Answers color-coded by a green-red scale on the quiz's grid according to % correct below.
 
Statystyki odpowiedzi
Odpowiedź % Poprawnych
Dino Polska S.A.
71%
CCC S.A.
65%
CD Projekt S.A.
35%
FoodWell Sp. z o.o.
32%
Grupa Maspex Sp. z o.o.
19%
TZMO S.A.
16%
LPP S.A.
13%
Lechpol Electronics Leszek Sp. K.
10%
bracia Szatanakowie
6%
PPHU Specjał Sp. z o.o.
3%
Nie znaleziono quizów pasujących do podanych kryteriów
Rozkład punktacji
Procent ludzi z każdym wynikiem
Percentyl według liczby udzielonych odpowiedzi
Twoja historia wyników
Nie rozwiązałeś tego quizu